000 00461nam a2200181Ia 4500
001 23012
005 20260414150909.0
008 260414t1999||||xx |||||||||||||| ||spa||
041 _aESP
082 _a624.1762
_bN15
100 _aNaeim, Farzad
_eAUT
245 0 _aDesign of seismic isolated structures :
_bfrom theory to practice
260 _c1999
300 _axiv, 289 páginas :
_c24 cm.
650 _a0
654 _aCIC
942 _cLIB
_dJUS
_fJUS
_2ddc
_n
999 _c23012
_d23012